| 000 | 00361nam a2200133Ia 4500 | ||
|---|---|---|---|
| 008 | 230917s9999||||xx |||||||||||||| ||und|| | ||
| 040 |
_e94557 _aMAIN |
||
| 041 | _aEnglish | ||
| 082 | _a617.7 P24A | ||
| 100 | _aParmar, Anu | ||
| 245 | 0 | _aAntibody concentration in serum, aqueous humour & tear in patients of acute iridocycitis | |
| 300 | _a96 p. | ||
| 942 | _cTH | ||
| 999 |
_c73025 _d73025 |
||